Langues les plus parlées au Luxembourg - Statistiques

Statistiques générales
  • Ce quiz a été pris 217 fois
  • Le résultat moyen est 5 sur 10
Statistiques - réponses
% Langues % Correct
48,9% Luxembourgeois
89%
14,9% Français
77%
3,6% Anglais
60%
2,9% Allemand
56%
15,4% Portugais
50%
3,6% Italien
44%
1,1% Espagnol
41%
0,65% Néerlandais
30%
0,69% Arabe
28%
0,59% Russe
20%
Aucun quiz correspondant
Distribution des résultats
% des personnes avec chaque résultat
Percentile par nombre de réponses
Votre historique - résultats
Vous n’avez pas pris ce quiz